000
00326nam a22001457a 4500
008
210303b ||||| |||| 00| 0 eng d
020
_a
9780534513078
041
_a
eng
080
_2
3rd
_a
37
082
_a
37
100
_a
46
101
_a
EDU
245
_a
Inside Writing a Writer Workbook
_c
Salomone, W
942
_2
udc
_c
BK
999
_c
55650
_d
55650